| 000 | 00512nam a22001937a 4500 | ||
|---|---|---|---|
| 003 | MPLRDC | ||
| 005 | 20220104185535.0 | ||
| 008 | 210129b ||||| |||| 00| 0 eng d | ||
| 020 | _a986-216-523-2 | ||
| 082 | _a887.157 QUI | ||
| 100 | _aMARIA QUINN | ||
| 245 |
_a基因贼 _c胡云惠译 |
||
| 250 | _a一版一刷 | ||
| 260 |
_a台湾 _b天下远见出版股份有限公司 _c2010 |
||
| 300 | _b平 | ||
| 490 | _a文学人生. LHS03 | ||
| 650 | _a澳洲及其他各地文学 | ||
| 942 |
_cBK _o887.157 QUI |
||
| 999 |
_c63379 _d63369 |
||